000 00716nam a2200241Ia 4500
003 OSt
005 20220928130329.0
006 a|||||r|||| 00| 0
007 ta
008 220927b |||||||| |||| 00| 0 eng d
024 _a71120
037 _cTextual
040 _aSDCL
_cSDCL
_beng
041 _2eng
_aeng
082 _aA:(R), P1
100 _aPennock Robert T Ed.
_9473593
245 0 _aIntelligent design creationism and its critics
_b Philosophical,theological and scientific perspectives
260 _aCambridge
_bMIT Press
_c2001
300 _axx,805p
_ccm.
650 _aScience-Philosophy
_9422636
942 _hA:(R), P1
_cTEXL
_2CC
999 _c786118
_d786118